| 000 | 00567 a2200169 4500 | ||
|---|---|---|---|
| 999 |
_c4378 _d4378 |
||
| 020 | _a9781441669056 | ||
| 050 | _aQR41.2 GUP 2008 | ||
| 100 |
_a Gupta, P. K., _d1936- _eauthor |
||
| 245 |
_aMicrobiology, cell physiology and biotechnology / _cP.K. Gupta |
||
| 264 |
_aMeerut, India : _b Rastogi Publications, _c 2008 |
||
| 300 | _a1 online resource (159 pages), 159 pages | ||
| 500 | _alncludes index | ||
| 650 | _a Microbiology -- Textbooks. | ||
| 650 | _aCell physiology -- Textbooks. | ||
| 650 | _aBiotechnology -- Textbooks. | ||
| 942 |
_2lcc _cBK _h41.2 _iGUP _kQR |
||